Nauka o stavbách. Administrativní budovy

Na minha lista:
Detalhes bibliográficos
Main Authors: Štípek, Jan (Author), Paroubek, Jan (Author), Papadopoulos, Angelos (Author)
Formato: Livro
Idioma:tcheco
Publicado em: Praha : ČVUT, 2008
Assuntos:
Tags: Adicionar Tag
Sem tags, seja o primeiro a adicionar uma tag!

MARC

LEADER 00000nam a22000003a 4500
001 stu224111
005 20250114132050.3
008 110418s2008------------------------cze-d
020 |a 978-80-01-04150-5 
040 |a STU  |b slo 
041 0 |a cze 
100 1 |a Štípek, Jan  |4 aut 
245 1 |a Nauka o stavbách. Administrativní budovy 
260 |a Praha :  |b ČVUT,  |c 2008 
300 |a 127 s 
650 7 |a budovy administrativne  |2 stusub 
700 1 |a Paroubek, Jan  |4 aut 
700 1 |a Papadopoulos, Angelos  |4 aut 
996 |b 284AS03313  |c A*7497 S  |l AAKNST  |s P  |a 0  |w stu224111_0001